|
|
|
|
| LEADER |
00000nam a22000007a 4500 |
| 005 |
20160628100842.0 |
| 007 |
cr|||| || |
| 008 |
160628s2012 -usar||os|||| 0||||1eng d |
| 022 |
|
|
|a 1503-8831
|
| 035 |
|
|
|a 2957
|
| 040 |
|
|
|a vLex
|
| 090 |
|
|
|c 6216
|d 6216
|
| 245 |
1 |
0 |
|a Economic Bulletin
|h [Recurso electrn̤ico] /
|c Norges Bank
|
| 256 |
|
|
|a Servicio en ln̕ea
|
| 260 |
|
|
|a Estados Unidos
|b Norges Bank
|c 2012
|
| 300 |
|
|
|a 1 recurso electrn̤ico
|
| 310 |
|
|
|a Anual
|
| 506 |
1 |
|
|a Contenido solo disponible en los productos indicados
|d vLex Global
|d vLex Global (Academic Edition, excluding Law Schools)
|d vLex Global (U.S. Academic Edition, Law Schools)
|d vLex Global (U.S. Academic Edition, excluding Law Schools)
|d vLex Global (Academic Edition, Law Schools)
|
| 650 |
0 |
4 |
|a Derecho
|z Estados Unidos
|
| 740 |
0 |
|
|a vLex libros (servicio en ln̕ea)
|
| 856 |
4 |
0 |
|u http://vlex.com/source/economic-bulletin-2957
|z Acceso restringido
|
| 942 |
|
|
|c REV
|